[Event "LSS WC-2013-S-00005"]
[Site "LSS email"]
[Date "2010.07.20"]
[Round "?"]
[White "Stummer, Walter"]
[Black "Ortiz, Manuel"]
[Result "0-1"]
[WhiteElo "2330"]
[BlackElo "2079"]
[PlyCount "30"]
[EventDate "2010.07.25"]
[EventType "tourn (corr)"]
[EventRounds "10"]
[EventCountry "GER"]
[SourceTitle "Corr 2013"]
[Source "ChessBase"]
[SourceDate "2012.11.12"]
[SourceVersion "1"]
[SourceVersionDate "2012.11.12"]
[SourceQuality "1"]
[WhiteTeam "US of America"]
[BlackTeam "US of America"]
[WhiteTeamCountry "USA"]
[BlackTeamCountry "USA"]

1. e4 c5 2. Nf3 d6 3. b4 Nf6 4. Bb5+ Bd7 5. Qe2 cxb4 6. 0-0 Nc6 7. d4 d5 8. exd5 Nxd5 9. a3 e6 10. axb4 Be7 11. c3 a6 12. Bd3 0-0 13. Bd2 b5 14. Na3 Qc7 15. Nc2 Bd6 0-1

[Event "LSS Masters Group B 1st"]
[Site "LSS email"]
[Date "2010.05.30"]
[Round "?"]
[White "Bubir, Alex Nikolaevich"]
[Black "Stummer, Walter"]
[Result "1-0"]
[WhiteElo "2465"]
[BlackElo "2417"]
[PlyCount "69"]
[EventDate "2010.06.02"]
[EventType "tourn (corr)"]
[EventRounds "8"]
[EventCountry "GER"]
[SourceTitle "Telechess CBM 147"]
[Source "ChessBase"]
[SourceDate "2012.03.16"]
[SourceVersion "1"]
[SourceVersionDate "2012.03.16"]
[SourceQuality "1"]

1. d4 Nf6 2. c4 c5 3. d5 e6 4. Nc3 exd5 5. cxd5 d6 6. e4 g6 7. f4 Bg7 8. Bb5+ Nfd7 9. a4 Qh4+ 10. g3 Qe7 11. Nf3 0-0 12. 0-0 Na6 13. e5 dxe5 14. d6 Qd8 15. Ne4 exf4 16. Bxf4 Nab8 17. Neg5 Nb6 18. a5 c4 19. Be3 Bd7 20. axb6 Bxb5 21. Ne5 Qe8 22. Ngxf7 Nc6 23. Qd5 Rxf7 24. d7 Qxe5 25. Qxf7+ Kh8 26. Rfe1 Nd8 27. Rxa7 Rb8 28. Qe8+ Qxe8 29. dxe8Q+ Bxe8 30. Bf4 Bd4+ 31. Kf1 Bb5 32. Ra5 Nc6 33. Rxb5 Ra8 34. Rd5 Bxb6 35. Rd7 1-0

[Event "LSS Masters Group B 1st"]
[Site "LSS email"]
[Date "2010.05.30"]
[Round "?"]
[White "Ingersol, Harry"]
[Black "Stummer, Walter"]
[Result "1-0"]
[WhiteElo "2406"]
[BlackElo "2330"]
[PlyCount "73"]
[EventDate "2010.06.02"]
[EventType "tourn (corr)"]
[EventRounds "8"]
[EventCountry "GER"]
[SourceTitle "Telechess CBM 141"]
[Source "ChessBase"]
[SourceDate "2011.03.17"]
[SourceVersion "1"]
[SourceVersionDate "2011.03.17"]
[SourceQuality "1"]

1. d4 Nf6 2. c4 c5 3. d5 e6 4. Nc3 exd5 5. cxd5 d6 6. g3 g6 7. Bg2 Bg7 8. Nf3 0-0 9. 0-0 a6 10. a4 Re8 11. Bf4 Nh5 12. Bg5 Qc7 13. e4 Bg4 14. h3 Bxf3 15. Bxf3 Nf6 16. Qc2 Nbd7 17. a5 Rac8 18. Be3 Qd8 19. Ra4 Qe7 20. Bg2 Rb8 21. Rd1 Nh5 22. g4 Nhf6 23. f4 b5 24. axb6 Nxb6 25. Rxa6 Nc4 26. Bc1 Qb7 27. Ra2 Qb3 28. Qxb3 Rxb3 29. Bf1 Rb4 30. Re1 Nd7 31. Kg2 f5 32. e5 fxg4 33. hxg4 dxe5 34. Ra7 Ndb6 35. Bxc4 Rxc4 36. d6 e4 37. f5 1-0

[Event "LSS Masters Group B 1st"]
[Site "LSS email"]
[Date "2010.05.30"]
[Round "?"]
[White "Stummer, Walter"]
[Black "Szczepanski, Zbigniew"]
[Result "1/2-1/2"]
[WhiteElo "2425"]
[BlackElo "2430"]
[PlyCount "61"]
[EventDate "2010.06.02"]
[EventType "tourn (corr)"]
[EventRounds "8"]
[EventCountry "GER"]
[SourceTitle "Telechess CBM 145"]
[Source "Chessbase"]
[SourceDate "2011.11.11"]
[SourceVersion "1"]
[SourceVersionDate "2011.11.11"]
[SourceQuality "1"]

1. e4 c5 2. Nf3 Nc6 3. d4 cxd4 4. Nxd4 g6 5. Nc3 Bg7 6. Be3 Nf6 7. Bc4 0-0 8. Bb3 d6 9. f3 Na5 10. Qd2 Bd7 11. h4 h5 12. 0-0-0 Nxb3+ 13. Nxb3 a5 14. Nd4 a4 15. g4 a3 16. b3 e5 17. Ndb5 Bxb5 18. Nxb5 hxg4 19. h5 Nxh5 20. fxg4 Ng3 21. Qh2 Nxh1 22. Rxh1 Re8 23. Qh7+ Kf8 24. Nc3 Qf6 25. Bh6 Bxh6+ 26. Qxh6+ Qg7 27. Qd2 Kg8 28. g5 Re6 29. Qd5 Qf8 30. Qd3 Kg7 31. Nd5 1/2-1/2

[Event "IECG WC.2005.F.00002 email"]
[Site "IECG email"]
[Date "2006.06.05"]
[Round "?"]
[White "Schiller, Wilfried"]
[Black "Stummer, Walter"]
[Result "1/2-1/2"]
[WhiteElo "2212"]
[BlackElo "2456"]
[PlyCount "56"]
[EventDate "2006.06.05"]
[EventType "tourn (corr)"]
[EventRounds "14"]
[SourceTitle "Corr 2008"]
[Source "ChessBase"]
[SourceDate "2008.06.24"]
[SourceVersion "1"]
[SourceVersionDate "2008.06.24"]
[SourceQuality "1"]

1. e4 e5 2. Nf3 Nc6 3. Bb5 a6 4. Ba4 Nf6 5. 0-0 Be7 6. Re1 b5 7. Bb3 0-0 8. c3 d5 9. exd5 Nxd5 10. Nxe5 Nxe5 11. Rxe5 c6 12. d4 Bd6 13. Re1 Qh4 14. g3 Qh3 15. Bxd5 cxd5 16. Qf3 Bf5 17. Qxd5 Rfe8 18. Bd2 Bf8 19. Na3 Rac8 20. Rac1 Be6 21. Qg2 Qf5 22. Nc2 Bd5 23. g4 Rxe1+ 24. Nxe1 Qe6 25. f3 Qc6 26. Nd3 Re8 27. Qf2 Bxa2 28. Re1 Rxe1+ 1/2-1/2

[Event "IECG WC.2005.F.00002 email"]
[Site "IECG email"]
[Date "2006.06.05"]
[Round "?"]
[White "Stummer, Walter"]
[Black "Evans, Gordon R"]
[Result "1-0"]
[WhiteElo "2456"]
[BlackElo "2252"]
[PlyCount "87"]
[EventDate "2006.06.05"]
[EventType "tourn (corr)"]
[EventRounds "14"]
[SourceTitle "Corr 2008"]
[Source "ChessBase"]
[SourceDate "2008.06.24"]
[SourceVersion "1"]
[SourceVersionDate "2008.06.24"]
[SourceQuality "1"]

1. d4 Nf6 2. c4 e6 3. Nf3 b6 4. g3 Ba6 5. b3 Bb4+ 6. Bd2 Be7 7. Bg2 c6 8. Bc3 d5 9. Nbd2 Nbd7 10. 0-0 0-0 11. Qc2 c5 12. dxc5 bxc5 13. e3 Qc7 14. Bb2 Rab8 15. Rac1 Bb7 16. Rfe1 Rfe8 17. cxd5 exd5 18. b4 Ba6 19. Bxf6 gxf6 20. bxc5 Nxc5 21. Nb3 Rbc8 22. Qf5 Qd7 23. Qh5 Bd3 24. Nfd4 Bg6 25. Qxd5 Qxd5 26. Bxd5 Nd3 27. Rxc8 Rxc8 28. Re2 Nb4 29. Bg2 Rc3 30. Rd2 a6 31. h4 Bb1 32. a3 Nc2 33. a4 Nb4 34. Rb2 Bg6 35. Ne2 Rc4 36. Nbd4 Nd3 37. Rb8+ Bf8 38. g4 Rb4 39. Rd8 Rb1+ 40. Kh2 Nxf2 41. Kg3 Ne4+ 42. Bxe4 Bxe4 43. Re8 Bd5 44. Nf5 1-0

[Event "IECG ST.2006.0.00002 email"]
[Site "IECG email"]
[Date "2006.04.15"]
[Round "?"]
[White "Mantovanelli, Marco"]
[Black "Stummer, Walter"]
[Result "1-0"]
[WhiteElo "2411"]
[BlackElo "2456"]
[PlyCount "69"]
[EventDate "2006.04.15"]
[EventType "tourn (corr)"]
[EventRounds "6"]
[SourceTitle "Corr 2008"]
[Source "ChessBase"]
[SourceDate "2008.06.24"]
[SourceVersion "1"]
[SourceVersionDate "2008.06.24"]
[SourceQuality "1"]

1. d4 d5 2. c4 e6 3. Nc3 Nf6 4. Nf3 c6 5. e3 a6 6. b3 Bb4 7. Bd2 0-0 8. Bd3 Nbd7 9. 0-0 Bd6 10. Qc2 Re8 11. Rae1 h6 12. c5 Bc7 13. e4 e5 14. exd5 cxd5 15. Nxe5 Nxe5 16. dxe5 Rxe5 17. Rxe5 Bxe5 18. Re1 Bc7 19. Ne2 b6 20. c6 b5 21. Bb4 Bd6 22. Bc3 Ra7 23. Qd2 Bc5 24. Bb1 Ng4 25. Bd4 Bxd4 26. Nxd4 Re7 27. Bf5 Bxf5 28. Nxf5 Re6 29. Rc1 Qc7 30. g3 Nf6 31. a4 bxa4 32. bxa4 Kh8 33. Qc3 h5 34. Kg2 Re4 35. Qc5 1-0

[Event "IECG ST.2006.0.00002 email"]
[Site "IECG email"]
[Date "2006.04.15"]
[Round "?"]
[White "Marez, Sebastien"]
[Black "Stummer, Walter"]
[Result "1/2-1/2"]
[WhiteElo "2355"]
[BlackElo "2456"]
[PlyCount "113"]
[EventDate "2006.04.15"]
[EventType "tourn (corr)"]
[EventRounds "6"]
[SourceTitle "Corr 2008"]
[Source "ChessBase"]
[SourceDate "2008.06.24"]
[SourceVersion "1"]
[SourceVersionDate "2008.06.24"]
[SourceQuality "1"]

1. e4 c6 2. d4 d5 3. exd5 cxd5 4. c4 Nf6 5. Nc3 e6 6. Nf3 Bb4 7. Bd3 dxc4 8. Bxc4 0-0 9. 0-0 Nc6 10. a3 Be7 11. Re1 Qc7 12. Qe2 Bd7 13. Bg5 Rad8 14. Rac1 Bc8 15. Rcd1 Ng4 16. Bxe7 Nxe7 17. d5 exd5 18. Bxd5 Ng6 19. Qc4 Qxc4 20. Bxc4 a6 21. Ne4 N4e5 22. Nxe5 Nxe5 23. Be2 Rxd1 24. Rxd1 Nc6 25. f4 Rd8 26. Nd6 Kf8 27. Bf3 Ke7 28. Nxc8+ Rxc8 29. Rc1 Kd6 30. Kf2 Kc7 31. g4 Kb6 32. Be4 Re8 33. Rc4 h6 34. h4 Na7 35. a4 Nc8 36. Rd4 Kc7 37. a5 Nd6 38. Bd3 Kc6 39. b4 g6 40. Bc2 Re6 41. Bb3 Re7 42. Ba4+ Kc7 43. Bc2 Kc6 44. Rd1 Nc4 45. Ba4+ b5 46. axb6+ Kxb6 47. Rd4 Nb2 48. Bb3 Kb5 49. Bd5 Rc7 50. g5 hxg5 51. fxg5 Nc4 52. Rf4 Nd6 53. Kf3 Rd7 54. Kg4 a5 55. bxa5 Kxa5 56. Bf3 Kb6 57. Rd4 1/2-1/2

[Event "IECG ST.2006.0.00002 email"]
[Site "IECG email"]
[Date "2006.04.15"]
[Round "?"]
[White "Stummer, Walter"]
[Black "Chorfi, Khaled"]
[Result "1/2-1/2"]
[WhiteElo "2456"]
[BlackElo "2472"]
[PlyCount "59"]
[EventDate "2006.04.15"]
[EventType "tourn (corr)"]
[EventRounds "6"]
[SourceTitle "Corr 2008"]
[Source "ChessBase"]
[SourceDate "2008.06.24"]
[SourceVersion "1"]
[SourceVersionDate "2008.06.24"]
[SourceQuality "1"]

1. d4 Nf6 2. c4 e6 3. Nf3 b6 4. g3 Ba6 5. b3 Bb4+ 6. Bd2 Be7 7. Bg2 c6 8. Bc3 d5 9. Nbd2 Nbd7 10. 0-0 0-0 11. Qc2 Rc8 12. e4 b5 13. e5 Ne8 14. Rfc1 bxc4 15. bxc4 dxc4 16. Rab1 Nb6 17. Ne4 Nd5 18. Bd2 h6 19. Rd1 Rb8 20. Ba5 Qxa5 21. Rxb8 Bb5 22. Rb1 Qc7 23. R8xb5 cxb5 24. Rxb5 Qc6 25. Rb3 Nb4 26. Rxb4 Bxb4 27. Neg5 g6 28. Nh7 c3 29. Nxf8 Bxf8 30. Nd2 1/2-1/2

[Event "IECG ST.2006.0.00001 email"]
[Site "IECG email"]
[Date "2006.04.15"]
[Round "?"]
[White "Stummer, Walter"]
[Black "Larsson, Mats"]
[Result "1-0"]
[WhiteElo "2453"]
[BlackElo "2458"]
[PlyCount "125"]
[EventDate "2006.04.15"]
[EventType "tourn (corr)"]
[EventRounds "6"]
[SourceTitle "Corr 2008"]
[Source "ChessBase"]
[SourceDate "2008.06.24"]
[SourceVersion "1"]
[SourceVersionDate "2008.06.24"]
[SourceQuality "1"]

1. e4 e5 2. Nf3 Nc6 3. Bc4 Nf6 4. Ng5 d5 5. exd5 Na5 6. Bb5+ c6 7. dxc6 bxc6 8. Qf3 Be7 9. Bxc6+ Nxc6 10. Qxc6+ Bd7 11. Qf3 0-0 12. d3 Ng4 13. Nh3 Rc8 14. Nc3 Bb4 15. Bd2 Qb6 16. 0-0 Bd6 17. Ne4 Rxc2 18. Bc3 f5 19. Qd1 Rxc3 20. Nxc3 Qxb2 21. Qb3+ Qxb3 22. axb3 Bc5 23. Ng5 Rb8 24. Rab1 Bd4 25. Nd5 Nxf2 26. Rxf2 Rb5 27. Nc7 Rc5 28. Na6 Rc2 29. Nh3 Rd2 30. b4 f4 31. Kf1 Rxd3 32. Nc5 Bb5 33. Kg1 Ra3 34. Ng5 a5 35. Nce6 Bxf2+ 36. Kxf2 Ra2+ 37. Kg1 h6 38. bxa5 Rxa5 39. Nc7 hxg5 40. Nxb5 e4 41. g3 Ra4 42. Rf1 Rb4 43. Nc7 f3 44. Nd5 Rd4 45. Ne3 Kf7 46. Rd1 Ra4 47. Rd2 Ke6 48. Kf2 Rb4 49. h3 Rb1 50. g4 Rb4 51. Ra2 g6 52. Ra6+ Ke5 53. Ra5+ Ke6 54. Kg3 Rb1 55. Rxg5 Re1 56. Nc4 Re2 57. Re5+ Kd7 58. h4 Rg2+ 59. Kf4 Re2 60. Rd5+ Kc6 61. Rd1 f2 62. Ne5+ Kc5 63. Rf1 1-0

[Event "CFriend AC-2005-Q-00002 email"]
[Site "Chessfriend.com"]
[Date "2005.07.22"]
[Round "1"]
[White "Stummer, Walter"]
[Black "Tinture, Laurent"]
[Result "1-0"]
[WhiteElo "2391"]
[BlackElo "2293"]
[PlyCount "97"]
[EventDate "2005.??.??"]
[EventType "tourn (corr)"]
[EventRounds "6"]
[SourceTitle "Corr 2008"]
[Source "ChessBase"]
[SourceDate "2008.06.24"]
[SourceVersion "1"]
[SourceVersionDate "2008.06.24"]
[SourceQuality "1"]

1. e4 c5 2. Nf3 Nc6 3. d4 cxd4 4. Nxd4 Nf6 5. Nc3 e5 6. Ndb5 d6 7. Bg5 a6 8. Na3 b5 9. Nd5 Be7 10. Bxf6 Bxf6 11. c3 0-0 12. Nc2 Bg5 13. a4 bxa4 14. Rxa4 a5 15. Bc4 Rb8 16. Ra2 Kh8 17. Nce3 g6 18. h4 Bxh4 19. g3 Bg5 20. f4 exf4 21. gxf4 Bh4+ 22. Kf1 f5 23. b4 fxe4 24. Rah2 g5 25. b5 Ne5 26. Qd4 Rb7 27. Rxh4 gxh4 28. Ke2 Qe8 29. fxe5 dxe5 30. Qc5 Qf7 31. Kd2 Rd8 32. Kc2 h3 33. Nb6 Qg7 34. Rd1 Rf8 35. Rg1 Qe7 36. Qxe7 Rxe7 37. Nxc8 Rxc8 38. Kb3 a4+ 39. Kb4 a3 40. Rh1 Ra7 41. Rh2 Rf8 42. b6 Rb8 43. Nd5 Kg7 44. Bb3 Kg6 45. c4 Kg5 46. c5 Kg4 47. Ra2 Kg3 48. Bc2 Kf3 49. Kc4 1-0

[Event "CFriend WC-2009-P-00016"]
[Site "Chessfriend.com"]
[Date "2005.02.28"]
[Round "1"]
[White "Budzyn, Roman"]
[Black "Stummer, Walter"]
[Result "1/2-1/2"]
[WhiteElo "2257"]
[BlackElo "2391"]
[PlyCount "72"]
[EventDate "2005.??.??"]
[EventType "tourn (corr)"]
[EventRounds "6"]
[SourceTitle "Corr 2008"]
[Source "ChessBase"]
[SourceDate "2008.06.24"]
[SourceVersion "1"]
[SourceVersionDate "2008.06.24"]
[SourceQuality "1"]

1. e4 d6 2. d4 g6 3. Nf3 Bg7 4. Nc3 Nf6 5. Be3 0-0 6. Qd2 c6 7. Bh6 Bg4 8. h3 Bxf3 9. gxf3 c5 10. d5 Nbd7 11. h4 Bxh6 12. Qxh6 e5 13. dxe6 fxe6 14. Bh3 Qe7 15. h5 Nxh5 16. Bxe6+ Qxe6 17. Rxh5 Qe7 18. Rh3 Ne5 19. Ke2 Rf7 20. Rah1 Nc4 21. Kd1 Nxb2+ 22. Kc1 Nc4 23. f4 Qf8 24. Qg5 Qd8 25. Qg3 Qf6 26. f5 Raf8 27. fxg6 Qxg6 28. Qd3 Qg5+ 29. Kb1 Nd2+ 30. Ka1 Rf3 31. Rxf3 Nxf3 32. Qxd6 Qe5 33. Rg1+ Kf7 34. Qxe5 Nxe5 35. f4 Nc4 36. Rh1 Rh8 1/2-1/2

[Event "CFriend WC-2009-P-00016"]
[Site "Chessfriend.com"]
[Date "2005.02.28"]
[Round "1"]
[White "Gazen, Louis"]
[Black "Stummer, Walter"]
[Result "1/2-1/2"]
[WhiteElo "2039"]
[BlackElo "2391"]
[PlyCount "105"]
[EventDate "2005.??.??"]
[EventType "tourn (corr)"]
[EventRounds "6"]
[SourceTitle "Corr 2008"]
[Source "ChessBase"]
[SourceDate "2008.06.24"]
[SourceVersion "1"]
[SourceVersionDate "2008.06.24"]
[SourceQuality "1"]

1. e4 d6 2. d4 g6 3. Nf3 Bg7 4. Be2 Nf6 5. Nc3 0-0 6. 0-0 c5 7. d5 Na6 8. Bf4 Nc7 9. a4 b6 10. Qd2 Re8 11. Rfe1 a6 12. Rad1 Bb7 13. Bc4 Qd7 14. e5 Nh5 15. Bh6 b5 16. Bxg7 Nxg7 17. axb5 axb5 18. Bd3 Nf5 19. e6 fxe6 20. dxe6 Qc8 21. Bxf5 Bxf3 22. Bxg6 hxg6 23. gxf3 Kg7 24. b4 Nxe6 25. bxc5 b4 26. Nd5 dxc5 27. Nb6 Nd4 28. Qf4 Qb8 29. Rxd4 Qxb6 30. Qe5+ Kg8 31. Rde4 Ra6 32. Qg5 e5 33. Rxe5 Rxe5 34. Rxe5 Qf6 35. Qxf6 Rxf6 36. Rxc5 Kg7 37. Kg2 Rb6 38. h4 b3 39. cxb3 Rxb3 40. h5 gxh5 41. Rxh5 Rb4 42. Kg3 Kf6 43. Ra5 Rc4 44. Ra6+ Kf5 45. Ra5+ Kf6 46. Rb5 Ra4 47. f4 Ra1 48. Rb3 Rg1+ 49. Kf3 Kf5 50. Rb5+ Kf6 51. Rb6+ Kf5 52. Rb5+ Kf6 53. Rb6+ 1/2-1/2

[Event "CFriend WC-2009-P-00016"]
[Site "Chessfriend.com"]
[Date "2005.02.28"]
[Round "1"]
[White "Stummer, Walter"]
[Black "Hasidume, Shuji"]
[Result "1-0"]
[WhiteElo "2391"]
[BlackElo "1397"]
[PlyCount "113"]
[EventDate "2005.??.??"]
[EventType "tourn (corr)"]
[EventRounds "6"]
[SourceTitle "Corr 2008"]
[Source "ChessBase"]
[SourceDate "2008.06.24"]
[SourceVersion "1"]
[SourceVersionDate "2008.06.24"]
[SourceQuality "1"]

1. e4 e6 2. d4 d5 3. Nd2 Nf6 4. e5 Nfd7 5. c3 c5 6. Bd3 Nc6 7. Ne2 cxd4 8. cxd4 f6 9. exf6 Nxf6 10. 0-0 Bd6 11. Nf3 0-0 12. Bf4 Bxf4 13. Nxf4 Ne4 14. Ne2 Ng5 15. Nxg5 Qxg5 16. Qb3 a5 17. Rae1 Qf6 18. Qc2 Qh4 19. Qc5 Bd7 20. f4 Rac8 21. Qb6 Nb4 22. Bb1 Qd8 23. Qxd8 Rfxd8 24. Rf3 Rf8 25. Kf2 Bb5 26. Nc3 Bd7 27. Ke3 Rf6 28. Rc1 Rcf8 29. Nd1 Rh6 30. h3 Rhf6 31. Rc7 Ba4 32. b3 Bc6 33. Nf2 R6f7 34. Rxf7 Rxf7 35. a3 Na6 36. Nd3 Nb8 37. Ne5 Rc7 38. Bd3 Nd7 39. Rf2 Nxe5 40. dxe5 g6 41. Rc2 Rc8 42. Kd4 Kf7 43. b4 axb4 44. axb4 Ke7 45. b5 Bd7 46. Rxc8 Bxc8 47. Kc5 Kd7 48. Kb6 Kd8 49. h4 Kd7 50. h5 gxh5 51. f5 exf5 52. Bxf5+ Kd8 53. Bxc8 Kxc8 54. Kc5 Kd7 55. Kxd5 b6 56. e6+ Ke7 57. Kc6 1-0

[Event "CFriend AC-2003-S-00002 email"]
[Site "Chessfriend.com"]
[Date "2004.12.01"]
[Round "1"]
[White "Davies, Nigel"]
[Black "Stummer, Walter"]
[Result "1/2-1/2"]
[WhiteElo "2362"]
[BlackElo "2391"]
[PlyCount "53"]
[EventDate "2004.??.??"]
[EventType "tourn (corr)"]
[EventRounds "6"]
[SourceTitle "Corr 2024"]
[Source "ChessBase"]
[SourceDate "2023.10.19"]
[SourceVersion "1"]
[SourceVersionDate "2023.10.19"]
[SourceQuality "1"]

1. d4 d5 2. c4 c6 3. Nf3 Nf6 4. e3 Bf5 5. Nc3 e6 6. Nh4 Bg6 7. Nxg6 hxg6 8. g3 Nbd7 9. Bg2 dxc4 10. Qe2 Be7 11. Qxc4 e5 12. 0-0 exd4 13. exd4 Nb6 14. Qd3 0-0 15. Bg5 Re8 16. Rfe1 Qd7 17. Rad1 Rad8 18. h4 Nfd5 19. Nxd5 Nxd5 20. Bxd5 cxd5 21. Bxe7 Rxe7 22. Qa3 Rxe1+ 23. Rxe1 Re8 24. Rxe8+ Qxe8 25. Qxa7 Qe1+ 26. Kg2 Qe4+ 27. Kh2 1/2-1/2

[Event "CFriend AC-2003-S-00002 email"]
[Site "Chessfriend.com"]
[Date "2004.12.01"]
[Round "1"]
[White "Stummer, Walter"]
[Black "Parnenzini, Pedro Alfonso"]
[Result "1-0"]
[WhiteElo "2391"]
[BlackElo "2335"]
[PlyCount "73"]
[EventDate "2004.??.??"]
[EventType "tourn (corr)"]
[EventRounds "6"]
[SourceTitle "Corr 2024"]
[Source "ChessBase"]
[SourceDate "2023.10.19"]
[SourceVersion "1"]
[SourceVersionDate "2023.10.19"]
[SourceQuality "1"]

1. e4 e5 2. Nf3 Nc6 3. Bb5 a6 4. Ba4 Nf6 5. 0-0 Be7 6. Re1 b5 7. Bb3 0-0 8. c3 d5 9. exd5 Nxd5 10. Nxe5 Nxe5 11. Rxe5 c6 12. d3 Bd6 13. Re1 Qh4 14. g3 Qh3 15. Re4 Qf5 16. Nd2 Qg6 17. Re1 f5 18. a4 Rb8 19. axb5 axb5 20. Ra7 Bc5 21. Rc7 Bb6 22. Rce7 f4 23. d4 fxg3 24. hxg3 Bg4 25. Bxd5+ cxd5 26. Qb3 Qc6 27. R1e5 Bxd4 28. cxd4 Qxc1+ 29. Nf1 Bh3 30. Re1 Qc6 31. Ne3 Rbd8 32. Qc2 Qf6 33. Re5 Qf7 34. Qe2 Rd6 35. f4 Qd7 36. b4 Be6 37. Rc1 1-0

[Event "CFriend AC-2003-S-00002 email"]
[Site "Chessfriend.com"]
[Date "2004.12.01"]
[Round "1"]
[White "Weber, Daniel"]
[Black "Stummer, Walter"]
[Result "0-1"]
[WhiteElo "2189"]
[BlackElo "2391"]
[PlyCount "132"]
[EventDate "2004.??.??"]
[EventType "tourn (corr)"]
[EventRounds "6"]
[SourceTitle "Corr 2024"]
[Source "ChessBase"]
[SourceDate "2023.10.19"]
[SourceVersion "1"]
[SourceVersionDate "2023.10.19"]
[SourceQuality "1"]

1. c4 e6 2. g3 Nf6 3. Bg2 d5 4. Nf3 dxc4 5. Qa4+ c6 6. Qxc4 b5 7. Qc2 Bb7 8. d4 Nbd7 9. 0-0 c5 10. Bg5 Rc8 11. Qd3 Qb6 12. Rc1 Be7 13. a4 a6 14. axb5 axb5 15. Nc3 c4 16. Qd1 b4 17. Nb1 0-0 18. h3 c3 19. bxc3 b3 20. Ra4 Bc6 21. Bxf6 Nxf6 22. Rc4 b2 23. Rc2 Be4 24. Nfd2 Bxc2 25. Qxc2 Rxc4 26. Nxc4 Qb5 27. Ne5 Bd6 28. Nd3 Rb8 29. c4 Qb3 30. Qxb3 Rxb3 31. Bc6 Ra3 32. Nxa3 Bxa3 33. Nxb2 Bxb2 34. e3 e5 35. dxe5 Bxe5 36. f4 Bc3 37. g4 Kf8 38. g5 Ng8 39. Kf1 h6 40. h4 f6 41. gxf6 Nxf6 42. Bf3 Bd2 43. Ke2 Bc1 44. h5 Ke7 45. Kf2 Kd6 46. Ke2 Ke6 47. Kd3 Ke7 48. Ke2 Kd6 49. Kd3 Kc5 50. Be2 Kb4 51. Kd4 Bb2+ 52. Kd3 Bc1 53. Kd4 Bb2+ 54. Kd3 Nd7 55. Kc2 Bc3 56. Kd3 Nc5+ 57. Kc2 Be1 58. Bd3 Nxd3 59. Kxd3 Kc5 60. e4 Bg3 61. e5 Bxf4 62. Ke4 Bg5 63. Kd3 Bh4 64. Ke3 Kxc4 65. Ke4 Kc5 66. Kf5 Kd5 0-1

[Event "CFriend AR-2003-F-00001 email"]
[Site "Chessfriend.com"]
[Date "2004.05.07"]
[Round "1"]
[White "Stummer, Walter"]
[Black "Hamarat, Tunc"]
[Result "1/2-1/2"]
[WhiteElo "2379"]
[BlackElo "2430"]
[PlyCount "103"]
[EventDate "2004.??.??"]
[EventType "tourn (corr)"]
[EventRounds "12"]
[SourceTitle "Corr 2008"]
[Source "ChessBase"]
[SourceDate "2008.06.24"]
[SourceVersion "1"]
[SourceVersionDate "2008.06.24"]
[SourceQuality "1"]

1. Nf3 Nf6 2. c4 g6 3. Nc3 d5 4. Qa4+ Bd7 5. Qb3 dxc4 6. Qxc4 Bg7 7. e4 0-0 8. e5 Ng4 9. d4 Be6 10. d5 Bf5 11. Bf4 Nd7 12. Qe2 e6 13. dxe6 Bxe6 14. h3 Ngxe5 15. Nxe5 Nxe5 16. Bxe5 Bxe5 17. Qxe5 Re8 18. Be2 Bc4 19. Qg3 Bxe2 20. Nxe2 Qd5 21. Kf1 Rxe2 22. Kxe2 Qb5+ 23. Kf3 Qd3+ 24. Kf4 Qc4+ 25. Kf3 Re8 26. Qg5 Qd3+ 27. Kg4 Re4+ 28. f4 Re3 29. Rhe1 Rg3+ 30. Kh4 Rxg5 31. fxg5 Qd4+ 32. Kg3 Qxb2 33. h4 c5 34. Rad1 b5 35. Rd8+ Kg7 36. Ree8 h6 37. Rg8+ Kh7 38. Rgf8 Qg7 39. Kf4 b4 40. Ke4 hxg5 41. hxg5 c4 42. g3 a5 43. Rfe8 b3 44. axb3 cxb3 45. Kd3 f6 46. Re2 Qf7 47. Rde8 b2 48. Kc2 b1Q+ 49. Kxb1 Qb3+ 50. Ka1 Qa3+ 51. Kb1 Qb3+ 52. Ka1 1/2-1/2

[Event "CFriend AR-2003-F-00001 email"]
[Site "Chessfriend.com"]
[Date "2004.05.07"]
[Round "1"]
[White "Stummer, Walter"]
[Black "Savchak, Oleg"]
[Result "1-0"]
[WhiteElo "2379"]
[BlackElo "2332"]
[PlyCount "105"]
[EventDate "2004.??.??"]
[EventType "tourn (corr)"]
[EventRounds "12"]
[SourceTitle "Corr 2008"]
[Source "ChessBase"]
[SourceDate "2008.06.24"]
[SourceVersion "1"]
[SourceVersionDate "2008.06.24"]
[SourceQuality "1"]

1. e4 c5 2. Nf3 Nc6 3. d4 cxd4 4. Nxd4 Nf6 5. Nc3 e5 6. Ndb5 d6 7. Bg5 a6 8. Na3 b5 9. Bxf6 gxf6 10. Nd5 f5 11. exf5 Bxf5 12. c3 Bg7 13. Nc2 Be6 14. g3 0-0 15. Bg2 a5 16. 0-0 f5 17. Qh5 b4 18. Nce3 Rb8 19. Rad1 bxc3 20. bxc3 Kh8 21. Rd2 Rb5 22. Rfd1 Rc5 23. f4 e4 24. Bh3 Qc8 25. c4 a4 26. Kh1 a3 27. Qg5 Bxd5 28. Rxd5 Rxd5 29. Rxd5 Nd4 30. Nxf5 Nxf5 31. Rxf5 Qxc4 32. Rxf8+ Bxf8 33. Qf6+ Bg7 34. Qd8+ Qg8 35. Qxg8+ Kxg8 36. Be6+ Kh8 37. Bd5 e3 38. Kg2 Bd4 39. Kf3 Kg7 40. g4 Bb6 41. Be4 h6 42. h4 Ba5 43. Ke2 Bd8 44. g5 Ba5 45. Bd3 d5 46. Kf3 Bb4 47. Kg4 Kf7 48. Kh5 Bf8 49. f5 Bg7 50. f6 Bf8 51. Be2 hxg5 52. hxg5 Bd6 53. Kh6 1-0

[Event "CFriend AR-2003-F-00001 email"]
[Site "Chessfriend.com"]
[Date "2004.05.07"]
[Round "1"]
[White "Taistra, Eric"]
[Black "Stummer, Walter"]
[Result "1/2-1/2"]
[WhiteElo "2584"]
[BlackElo "2379"]
[PlyCount "97"]
[EventDate "2004.??.??"]
[EventType "tourn (corr)"]
[EventRounds "12"]
[SourceTitle "Corr 2008"]
[Source "ChessBase"]
[SourceDate "2008.06.24"]
[SourceVersion "1"]
[SourceVersionDate "2008.06.24"]
[SourceQuality "1"]

1. e4 c5 2. Nf3 Nc6 3. Bb5 g6 4. Bxc6 dxc6 5. d3 Bg7 6. h3 Nf6 7. Nc3 Nd7 8. Be3 e5 9. Qd2 h6 10. 0-0 Qe7 11. Nh2 Nf8 12. Ne2 Ne6 13. Rae1 b6 14. a4 a5 15. f4 exf4 16. Nxf4 Nxf4 17. Bxf4 g5 18. Be3 Be6 19. Ng4 0-0-0 20. Qf2 Qc7 21. Nf6 Kb7 22. Bd2 c4 23. d4 Bxf6 24. Qxf6 Rhg8 25. Qxh6 Rg6 26. Qh5 Rxd4 27. Bc3 Rd8 28. Qe2 Qe7 29. Qf2 Rdg8 30. Bf6 Qb4 31. Ra1 Re8 32. c3 Qf8 33. Rad1 g4 34. h4 g3 35. Qd4 Rg4 36. Bg5 Rc8 37. Bd8 Rxd8 38. Qxd8 Qc5+ 39. Rd4 Rxe4 40. Rfd1 Re2 41. Kh1 Bd5 42. Rg1 f5 43. Qf6 Rxb2 44. Qg7+ Ka6 45. Qxg3 Qf8 46. h5 Re2 47. Rh4 Qf6 48. Kh2 Re8 49. Rf1 1/2-1/2